Vědeckotechnický rozvoj jako činitel hospodářského růstu
Návrh teoretických postupov, pomocou ktorých je možné vysvetliť vplyv vedeckotechnického rozvoja na celkový hospodársky rast. Účelový model hospodárskeho rastu. Základné modely vedeckotechnického rozvoja. Pôsobenie vedecko-technického rozvoja v inováciách.
Saved in:
| Main Author: | |
|---|---|
| Format: | Book Chapter |
| Language: | Czech |
| Subjects: | |
| Tags: |
No Tags, Be the first to tag this record!
|
MARC
| LEADER | 00000naa$a2200000$$$4500 | ||
|---|---|---|---|
| 001 | 0111923 | ||
| 005 | 20231128110100.5 | ||
| 041 | 0 | |a cze | |
| 044 | |a CZ | ||
| 245 | 1 | 0 | |a Vědeckotechnický rozvoj jako činitel hospodářského růstu |c Jiŕí Luňáček |
| 520 | |a Návrh teoretických postupov, pomocou ktorých je možné vysvetliť vplyv vedeckotechnického rozvoja na celkový hospodársky rast. Účelový model hospodárskeho rastu. Základné modely vedeckotechnického rozvoja. Pôsobenie vedecko-technického rozvoja v inováciách. | ||
| 610 | 2 | 0 | |a rozvoj vedeckotechnický |
| 610 | 2 | 0 | |a inovácia |
| 610 | 2 | 0 | |a teórie ekonomické |
| 610 | 2 | 0 | |a rast hospodársky |
| 610 | 2 | 0 | |a funkcie produkčné |
| 610 | 2 | 0 | |a modely rastu |
| 100 | 1 | |a Luňáček, Jiŕí | |